[Event "Titled Tuesday intern op 27th Dec Early"]
[Site "Chess.com INT"]
[Date "2022.12.27"]
[Round "4"]
[White "Buscar, Michael"]
[Black "Saleem, Arshaq"]
[Result "0-1"]
[WhiteElo "2041"]
[BlackElo "2133"]
[PlyCount "118"]
[EventDate "2022.12.27"]
[EventType "swiss (blitz)"]
[EventRounds "11"]
[EventCountry "USA"]
[SourceTitle "EXT 2024"]
[Source "ChessBase"]
[SourceDate "2023.10.10"]
[SourceVersion "1"]
[SourceVersionDate "2023.10.10"]
[SourceQuality "1"]

1. Nf3 Nf6 2. b3 g6 3. Bb2 Bg7 4. e4 0-0 5. e5 Nd5 6. c4 Nb6 7. d4 d6 8. exd6 exd6 9. Be2 c5 10. 0-0 Nc6 11. Na3 Bg4 12. Nc2 Re8 13. h3 Bxf3 14. Bxf3 Qf6 15. dxc5 Qxb2 16. cxb6 axb6 17. Bd5 Rxa2 18. Rxa2 Qxa2 19. Bxc6 bxc6 20. Nb4 Qa3 21. Nxc6 Qc5 22. Qd5 Bf6 23. Rd1 Re2 24. Qf3 Re6 25. Nb8 Qc8 26. Nc6 Kg7 27. b4 Qa6 28. b5 Qa2 29. Qd5 Qe2 30. Qd3 Qxd3 31. Rxd3 Re4 32. Rxd6 Rxc4 33. g3 Bb2 34. Kg2 Rc2 35. Kf3 Ba3 36. Rd3 Bc5 37. Nd4 Rb2 38. Ke4 Rxf2 39. Kd5 h5 40. h4 Rf6 41. Nc6 Rd6+ 42. Kc4 Rxd3 43. Kxd3 Kf6 44. Ke4 Ke6 45. Nd8+ Ke7 46. Nc6+ Kd6 47. Ne5 Ke6 48. Nc4 f6 49. Nd2 g5 50. hxg5 fxg5 51. Nb3 Bf2 52. Kf3 Bg1 53. Ke4 Bc5 54. Nxc5+ bxc5 55. b6 Kd6 56. b7 Kc7 57. Kd5 h4 58. gxh4 gxh4 59. Kxc5 h3 0-1

[Event "Titled Tuesday intern op 27th Dec Early"]
[Site "Chess.com INT"]
[Date "2022.12.27"]
[Round "1"]
[White "Nguyen, Hong Nhung"]
[Black "Saleem, Arshaq"]
[Result "1-0"]
[WhiteElo "2003"]
[BlackElo "2133"]
[PlyCount "79"]
[EventDate "2022.12.27"]
[EventType "swiss (blitz)"]
[EventRounds "11"]
[EventCountry "USA"]
[SourceTitle "EXT 2024"]
[Source "ChessBase"]
[SourceDate "2023.10.10"]
[SourceVersion "1"]
[SourceVersionDate "2023.10.10"]
[SourceQuality "1"]

1. e4 c5 2. Nc3 a6 3. a4 Nc6 4. f4 g6 5. Nf3 Bg7 6. Bc4 e6 7. 0-0 Nge7 8. d3 d5 9. Ba2 0-0 10. Kh1 Nb4 11. Bb3 Nec6 12. Na2 dxe4 13. dxe4 c4 14. Nxb4 Nxb4 15. Bxc4 Qxd1 16. Rxd1 Nxc2 17. Rb1 b5 18. axb5 axb5 19. Bxb5 Bb7 20. e5 Be4 21. Bd2 Rfb8 22. Be2 Bf8 23. Ng5 Bd5 24. Bc3 Ne3 25. Rg1 Bc5 26. Bf3 h6 27. Ne4 Bb6 28. Nf6+ Kg7 29. Nxd5 exd5 30. Rge1 Ra2 31. Ra1 Rxa1 32. Rxa1 d4 33. Be1 Nc4 34. b3 Ne3 35. Rc1 d3 36. Bd2 Nf5 37. Be4 Ne7 38. b4 Rd8 39. Rc3 Ra8 40. Bxa8 1-0

[Event "Titled Tuesday intern op 27th Dec Early"]
[Site "Chess.com INT"]
[Date "2022.12.27"]
[Round "6"]
[White "Saleem, Arshaq"]
[Black "Goltseva, Ekaterina"]
[Result "1/2-1/2"]
[WhiteElo "2133"]
[BlackElo "2265"]
[PlyCount "94"]
[EventDate "2022.12.27"]
[EventType "swiss (blitz)"]
[EventRounds "11"]
[EventCountry "USA"]
[SourceTitle "EXT 2024"]
[Source "ChessBase"]
[SourceDate "2023.10.10"]
[SourceVersion "1"]
[SourceVersionDate "2023.10.10"]
[SourceQuality "1"]

1. d4 Nf6 2. c4 e6 3. g3 d5 4. Nf3 Bb4+ 5. Nbd2 0-0 6. Bg2 b6 7. 0-0 Bb7 8. a3 Be7 9. b4 dxc4 10. Nxc4 c5 11. bxc5 bxc5 12. Rb1 Be4 13. Ra1 Nc6 14. dxc5 Bxc5 15. Qa4 Nd4 16. Nxd4 Bxg2 17. Kxg2 Bxd4 18. Ra2 Rc8 19. Rc2 Qd5+ 20. f3 Rfd8 21. Rd1 Qa8 22. Rcd2 Bc5 23. Bb2 Rxd2 24. Rxd2 Nd5 25. e4 Ne3+ 26. Nxe3 Bxe3 27. Rc2 h6 28. Be5 Bb6 29. Bd6 Rxc2+ 30. Qxc2 Qd8 31. Qc6 Kh7 32. h4 Bd4 33. h5 Qa5 34. Qc2 Qa6 35. e5+ Kh8 36. Qe4 Qb6 37. Qa8+ Kh7 38. Qe4+ Kh8 39. Qf4 Bc5 40. Qxf7 Bxd6 41. Qe8+ Kh7 42. Qg6+ Kh8 43. exd6 Qxd6 44. Qe8+ Kh7 45. Qg6+ Kh8 46. Qe8+ Kh7 47. Qg6+ Kh8 1/2-1/2

[Event "Titled Tuesday intern op 27th Dec Early"]
[Site "Chess.com INT"]
[Date "2022.12.27"]
[Round "8"]
[White "Saleem, Arshaq"]
[Black "Janaszak, Dawid"]
[Result "0-1"]
[WhiteElo "2133"]
[BlackElo "2322"]
[PlyCount "88"]
[EventDate "2022.12.27"]
[EventType "swiss (blitz)"]
[EventRounds "11"]
[EventCountry "USA"]
[SourceTitle "EXT 2024"]
[Source "ChessBase"]
[SourceDate "2023.10.10"]
[SourceVersion "1"]
[SourceVersionDate "2023.10.10"]
[SourceQuality "1"]

1. Nf3 d5 2. d4 Nf6 3. c4 e6 4. g3 c5 5. cxd5 exd5 6. Bg2 Nc6 7. 0-0 c4 8. b3 cxb3 9. Qxb3 Be7 10. Nc3 0-0 11. Rd1 Na5 12. Qc2 Re8 13. Ne5 Be6 14. Rb1 Rc8 15. Qd3 a6 16. a4 Qc7 17. Bd2 Nc4 18. Nxc4 dxc4 19. Qc2 Rb8 20. e4 Bg4 21. f3 Bd7 22. e5 Nh5 23. g4 b5 24. axb5 axb5 25. Nd5 Qd8 26. gxh5 Bf8 27. Nb4 h6 28. Qe4 Rc8 29. Bc3 Qg5 30. Kh1 Bf5 31. Qe2 Bxb1 32. Rxb1 Qxh5 33. d5 Qf5 34. Rd1 Bxb4 35. Bxb4 Rxe5 36. Qd2 Rce8 37. d6 Qd7 38. Bc3 Re2 39. Qd4 f6 40. f4 Kh8 41. Bf3 R2e3 42. Rf1 Qh3 43. Bg2 Qd7 44. f5 Rd3 0-1

[Event "Titled Tuesday intern op 27th Dec Early"]
[Site "Chess.com INT"]
[Date "2022.12.27"]
[Round "3"]
[White "Saleem, Arshaq"]
[Black "Matveeva, Olga"]
[Result "1-0"]
[WhiteElo "2133"]
[BlackElo "2111"]
[PlyCount "115"]
[EventDate "2022.12.27"]
[EventType "swiss (blitz)"]
[EventRounds "11"]
[EventCountry "USA"]
[SourceTitle "EXT 2024"]
[Source "ChessBase"]
[SourceDate "2023.10.10"]
[SourceVersion "1"]
[SourceVersionDate "2023.10.10"]
[SourceQuality "1"]

1. d4 e6 2. c4 d5 3. Nf3 Nf6 4. g3 Bb4+ 5. Nbd2 Be7 6. Bg2 0-0 7. 0-0 Nbd7 8. Qc2 c6 9. e4 dxe4 10. Nxe4 Nxe4 11. Qxe4 Nf6 12. Qc2 c5 13. dxc5 Bxc5 14. Bg5 h6 15. Rad1 Qe7 16. Bf4 Bd7 17. a3 a5 18. Ne5 Ra7 19. Nd3 Bd4 20. Ne5 Bc5 21. Nxd7 Nxd7 22. Qd2 b6 23. Bc6 Nf6 24. Rfe1 Rc8 25. Bb5 Ng4 26. Re2 a4 27. h3 Nf6 28. Bd6 Bxd6 29. Qxd6 Qc7 30. Red2 Qc5 31. Qxc5 bxc5 32. Rd8+ Rxd8 33. Rxd8+ Kh7 34. Rc8 Ne4 35. Kg2 Kg6 36. f3 Nd6 37. Rxc5 Nxb5 38. Rxb5 Kf6 39. f4 g5 40. Kf3 Kg6 41. g4 gxf4 42. Kxf4 Kf6 43. h4 Ke7 44. Rb4 Kd6 45. g5 hxg5+ 46. hxg5 e5+ 47. Kf5 Ra5 48. Rb5 Ra7 49. Rd5+ Kc6 50. Kxe5 Rb7 51. Rb5 Re7+ 52. Kf6 Re4 53. Kxf7 Rxc4 54. Rb4 Rc2 55. Rxa4 Rxb2 56. Rf4 Rg2 57. g6 Kd5 58. g7 1-0

[Event "Port of Burlington op"]
[Site "Burlington"]
[Date "2019.02.03"]
[Round "4"]
[White "Takahashi, Michael John"]
[Black "Saleem, Arshaq"]
[Result "1/2-1/2"]
[WhiteElo "1970"]
[BlackElo "2120"]
[PlyCount "41"]
[EventDate "2019.02.02"]
[EventType "swiss"]
[EventRounds "5"]
[EventCountry "USA"]
[SourceTitle "EXT 2020"]
[Source "ChessBase"]
[SourceDate "2019.10.17"]
[SourceVersion "1"]
[SourceVersionDate "2019.10.17"]
[SourceQuality "1"]

1. e4 g6 2. d4 Bg7 3. Nc3 c6 4. g3 d5 5. e5 Nh6 6. Bg2 0-0 7. Nge2 Nf5 8. 0-0 f6 9. f4 fxe5 10. dxe5 e6 11. a4 a5 12. Nd4 Nxd4 13. Qxd4 Nd7 14. Qd1 Qe7 15. Ne2 c5 16. Nc3 Nb6 17. b3 Bd7 18. Ba3 Rfc8 19. Qe2 Qe8 20. Qf2 Bf8 21. Ne2 1/2-1/2

[Event "Port of Burlington op"]
[Site "Burlington"]
[Date "2019.02.02"]
[Round "3"]
[White "Rao, Anjaneya"]
[Black "Saleem, Arshaq"]
[Result "0-1"]
[WhiteElo "1603"]
[BlackElo "2120"]
[PlyCount "56"]
[EventDate "2019.02.02"]
[EventType "swiss"]
[EventRounds "5"]
[EventCountry "USA"]
[SourceTitle "EXT 2020"]
[Source "ChessBase"]
[SourceDate "2019.10.17"]
[SourceVersion "1"]
[SourceVersionDate "2019.10.17"]
[SourceQuality "1"]

1. e4 c5 2. Nf3 d6 3. d4 cxd4 4. Nxd4 Nf6 5. Nc3 a6 6. f3 e5 7. Nb3 Be6 8. Be3 Be7 9. Be2 0-0 10. Qd2 a5 11. Bb5 Na6 12. 0-0-0 Qb8 13. Kb1 Nc7 14. g4 a4 15. Nc1 d5 16. exd5 Nfxd5 17. Nxd5 Nxd5 18. h4 a3 19. Nb3 axb2 20. Kxb2 Ba3+ 21. Kb1 Bb4 22. Qxd5 Bxd5 23. Rxd5 Rd8 24. Rhd1 Qc7 25. Rd7 Rxd7 26. Rxd7 Qc8 27. Bg5 f6 28. Be3 Ba3 0-1

[Event "North American op 27th"]
[Site "Las Vegas"]
[Date "2017.12.29"]
[Round "8"]
[White "Saleem, Arshaq"]
[Black "Atoufi, Pedram"]
[Result "0-1"]
[WhiteElo "2057"]
[BlackElo "2284"]
[PlyCount "72"]
[EventDate "2017.12.26"]
[EventType "swiss"]
[EventRounds "9"]
[EventCountry "USA"]
[SourceTitle "CBM 182 Extra"]
[Source "ChessBase"]
[SourceDate "2018.02.23"]
[SourceVersion "1"]
[SourceVersionDate "2018.02.23"]
[SourceQuality "1"]

1. d4 Nf6 2. c4 g6 3. Nc3 Bg7 4. e4 d6 5. Be2 0-0 6. Nf3 Na6 7. 0-0 e5 8. Be3 Ng4 9. Bg5 Qe8 10. Re1 exd4 11. Nd5 f6 12. Bf4 Ne5 13. Nxd4 c6 14. Nc3 Qe7 15. Bg3 Nc5 16. f4 Nf7 17. Bf1 Qc7 18. Qd2 a5 19. b3 Bd7 20. Bf2 Rae8 21. a3 f5 22. exf5 Bxd4 23. Qxd4 Nxb3 24. Qf6 Nh6 25. Qg5 Rxf5 26. Rxe8+ Bxe8 27. Qxh6 Rh5 28. Qxh5 gxh5 29. Rd1 Bg6 30. Bg3 Qg7 31. Ne2 Qe7 32. Bf2 Qf6 33. f5 Bxf5 34. Bg3 Qb2 35. Bxd6 Bg4 36. Re1 Bxe2 0-1

[Event "Chicago op 26th"]
[Site "Chicago"]
[Date "2017.05.27"]
[Round "4"]
[White "Saleem, Arshaq"]
[Black "Eckert, Doug D"]
[Result "1/2-1/2"]
[WhiteElo "2042"]
[BlackElo "2152"]
[PlyCount "67"]
[EventDate "2017.05.25"]
[EventType "swiss"]
[EventRounds "9"]
[EventCountry "USA"]
[SourceTitle "CBM 178 Extra"]
[Source "ChessBase"]
[SourceDate "2017.06.22"]
[SourceVersion "1"]
[SourceVersionDate "2017.06.22"]
[SourceQuality "1"]

1. d4 Nf6 2. c4 e6 3. Nc3 Bb4 4. Qc2 c5 5. dxc5 Bxc5 6. Nf3 Qb6 7. e3 Qc7 8. b3 b6 9. Bb2 a6 10. Bd3 Bb7 11. a3 Be7 12. Rd1 d6 13. 0-0 Nbd7 14. Nd4 Rc8 15. Qb1 0-0 16. f3 Qb8 17. Kh1 Rfe8 18. Rfe1 Ne5 19. Be2 Qa8 20. Na4 Qa7 21. e4 Ned7 22. Bf1 Qa8 23. b4 Kh8 24. Nb3 Qb8 25. Bd4 Qc7 26. Rc1 Bc6 27. Nb2 Qb8 28. Nd3 b5 29. e5 dxe5 30. Nxe5 bxc4 31. Bxc4 Nxe5 32. Bxe5 Qa8 33. Qd3 Rcd8 34. Qe2 1/2-1/2